| 000 | 01271nam0a22003011 4500 | ||
|---|---|---|---|
| 001 | rc\4470720 | ||
| 005 | 20260406093720.0 | ||
| 021 |
_aRU _b[61-65113] |
||
| 035 | _a(NLR Aleph) 008329810 | ||
| 090 |
_a8809904 _c8809904 |
||
| 100 | _a20130416d1961 |||y0rusy50 ca | ||
| 101 | 1 |
_arus _cukr |
|
| 102 | _aRU | ||
| 105 | _aa z |||a| | ||
| 200 | 1 |
_aДетство Тараса _eКороткие рассказы о детстве Т.Г. Шевченко _fПер. с укр. Л. Воронковой _g[Грав. на дереве Н. Калиты] |
|
| 210 |
_aМосква _cДетгиз _d1961 |
||
| 215 |
_a224 с. _cил. _d21 |
||
| 225 | 1 |
_aШкольная библиотека _i[Для восьмилетней школы] |
|
| 300 | _aПеред загл. авт.: Дмитро Красицкий | ||
| 700 | 1 |
_aКрасицкий _bД.Ф. _f1901- _gДмитрий Филимонович |
|
| 702 | 1 |
_4040 _8rus _7ca _aКалита _bН. И. _f1926-2016 _gНиколай Иванович _3RU\NLR\AUTH\7766927 _949855 |
|
| 702 | 1 |
_aШевченко _bТ.Г. _f1814-1861 _gТарас Григорьевич _4570 |
|
| 702 | 1 |
_aВоронкова _bЛ. _4730 |
|
| 801 | 0 |
_aRU _bNLR _gpsbo |
|
| 801 | 1 |
_aRU _bELAR _2rusmarc |
|
| 852 |
_aNLR _j61-3/4740 |
||
| 942 | _cBOOK | ||
| 980 | _aNB | ||